000 00613cam a22002293a 4500
001 7173
003 PGUSA
005 20140828083141.0
008 041201s2004||||xxu|||||s|||||000 1 eng d
040 _aPGUSA
_beng
042 _adc
050 4 _aPQ
100 1 _aFrance, Anatole,
_d1844-1924
245 1 0 _aSur la pierre blanche
_h[electronic resource] /
_cAnatole France
260 _bProject Gutenberg,
_c2004
506 _aPublic domain in the USA.
516 _aElectronic text
653 _aFiction
830 0 _aProject Gutenberg
_v7173
856 4 0 _uhttp://www.gutenberg.org/ebooks/7173
942 _cEB
999 _c236493
_d236493